International marketing strategy. (Record no. 17913)
[ view plain ]
| 000 -LEADER | |
|---|---|
| fixed length control field | 00724nam a22002292 4500 |
| 001 - CONTROL NUMBER | |
| control field | 0000002103 |
| 003 - CONTROL NUMBER IDENTIFIER | |
| control field | OSt |
| 005 - DATE AND TIME OF LATEST TRANSACTION | |
| control field | 20191002133425.0 |
| 008 - FIXED-LENGTH DATA ELEMENTS--GENERAL INFORMATION | |
| fixed length control field | 070402s xx 000 0 eng d |
| 020 ## - INTERNATIONAL STANDARD BOOK NUMBER | |
| International Standard Book Number | 1844807635 |
| 040 ## - CATALOGING SOURCE | |
| Original cataloging agency | KABU |
| Transcribing agency | KABU |
| 050 #0 - LIBRARY OF CONGRESS CALL NUMBER | |
| Classification number | HF1416 |
| Item number | .D66 2008 c. 1 |
| 100 1# - MAIN ENTRY--PERSONAL NAME | |
| Personal name | Doodle, Isobel |
| 245 10 - TITLE STATEMENT | |
| Title | International marketing strategy. |
| Remainder of title | analysis, development and implement |
| Statement of responsibility, etc. | Isobel Doole, Robin lowe |
| 260 ## - PUBLICATION, DISTRIBUTION, ETC. (IMPRINT) | |
| Place of publication, distribution, etc. | Australia : |
| Name of publisher, distributor, etc. | CENGAGE Learning |
| Date of publication, distribution, etc. | 2008. |
| 300 ## - PHYSICAL DESCRIPTION | |
| Extent | xxiv, 462 p. |
| 650 #0 - SUBJECT ADDED ENTRY--TOPICAL TERM | |
| Topical term or geographic name as entry element | Export marketing |
| General subdivision | Management. |
| 700 ## - ADDED ENTRY--PERSONAL NAME | |
| Relator code | Lowe, Robin |
| 908 ## - PUT COMMAND PARAMETER (RLIN) | |
| Put command parameter | 070402 |
| 942 ## - ADDED ENTRY ELEMENTS (KOHA) | |
| Source of classification or shelving scheme | Library of Congress Classification |
| Koha item type | General Collection |
| Classification part | HF1416 |
| Item part | .D66 2008 c. 1 |
| Withdrawn status | Lost status | Source of classification or shelving scheme | Not for loan | Home library | Current library | Date acquired | Cost, normal purchase price | Total Checkouts | Full call number | Barcode | Date last seen | Copy number | Price effective from | Koha item type |
|---|---|---|---|---|---|---|---|---|---|---|---|---|---|---|
| Library of Congress Classification | Kabarak, Main Campus | Kabarak, Main Campus | 02/10/2019 | 2720.00 | HF1416 .D66 2008 c. 1 | 023720 | 02/08/2024 | c. 1 | 02/10/2019 | General Collection |